000 00777nam a2200253Ia 4500
003 OSt
005 20220923225042.0
006 a|||||r|||| 00| 0
007 ta
008 220922b |||||||| |||| 00| 0 hin d
024 _a255,770
037 _cTextual
040 _aARTS
_cARTS
_bhin
041 _2hin
_ahin
082 _aO152wN1, J6
100 _aवर्मा, महादेवी
_9156279
245 0 _aपथ के साथी
246 _aPath ke sāthī
260 _aइलाहाबाद
_b भारती - भंडार
_c1956
300 _a94पृ.
_ccm.
650 _aहिन्दी साहित्य
_9156264
942 _hO152wN1, J6
_cTEXL
_2CC
999 _c375710
_d375710